Mráz dokáže zastaviť čas

Európske trendy v predaji mrazených potravín. Mraziace systémy - priebežné monitorovanie chladiaceho zariadenia počítačom. Postoj spotrebiteľov k mrazeným jedlám a najkupovanejšie značky mrazených potravín.

Enregistré dans:
Détails bibliographiques
Auteur principal: Malárová, Viera
Format: Chapitre de livre
Langue:slovaque
Sujets:
Tags: Ajouter un tag
Pas de tags, Soyez le premier à ajouter un tag!

MARC

LEADER 00000naa a2200000 4500
001 r042701
005 20231002114152.4
041 0 |a slo 
044 |a SK 
245 1 0 |a Mráz dokáže zastaviť čas  |c Viera Malárová 
520 |a Európske trendy v predaji mrazených potravín. Mraziace systémy - priebežné monitorovanie chladiaceho zariadenia počítačom. Postoj spotrebiteľov k mrazeným jedlám a najkupovanejšie značky mrazených potravín. 
610 2 0 |a potraviny mrazené 
610 2 0 |a zariadenia chladiarenské 
610 2 0 |a Slovensko 
100 1 |a Malárová, Viera